Engineering and Construction Contract (Record no. 104659)

MARC details
000 -LEADER
fixed length control field 01281cam a2200289 4500
001 - CONTROL NUMBER
control field ##L131172
008 - FIXED-LENGTH DATA ELEMENTS--GENERAL INFORMATION
fixed length control field 050720n2005 000 0 eng u
020 ## - INTERNATIONAL STANDARD BOOK NUMBER
International Standard Book Number 0727733591
035 ## - SYSTEM CONTROL NUMBER
System control number (Sirsi) u131172
041 0# - LANGUAGE CODE
Language code of text/sound track or separate title eng
050 04 - LIBRARY OF CONGRESS CALL NUMBER
Classification number 624.04 $2 18
110 2# - MAIN ENTRY--CORPORATE NAME
Corporate name or jurisdiction name as entry element Institution of Civil Engineers
9 (RLIN) 1402
240 00 - UNIFORM TITLE
Uniform title ECC
245 ## - TITLE STATEMENT
Title Engineering and Construction Contract
250 ## - EDITION STATEMENT
Edition statement 3rd ed.
260 ## - PUBLICATION, DISTRIBUTION, ETC.
Place of publication, distribution, etc. London
Name of publisher, distributor, etc. Thomas Telford
Date of publication, distribution, etc. 2005
300 ## - PHYSICAL DESCRIPTION
Extent iv, 85p.
Dimensions 30cm.
350 ## - PRICE (NR) (BK AM CF MU VM SE) [OBSOLETE]
Price 30
490 ## - SERIES STATEMENT
Series statement New Engineering Contract (Third Edition)
Volume/sequential designation Engineering and Construction Contract (Third Edition)
520 ## - SUMMARY, ETC.
Summary, etc. Intended for use to appoint a contractor for engineering and construction work, including any level of design work, this contract offers six principle options. Two dispute resolution options follow before the introduction of a secondary range of options which may or may not be used in various combinations.
520 ## - SUMMARY, ETC.
Summary, etc. Supersedes second edition (ISBN 0727720945).
650 24 - SUBJECT ADDED ENTRY--TOPICAL TERM
Topical term or geographic name entry element NEW ENGINEERING CONTRACT (THIRD EDITION)
650 24 - SUBJECT ADDED ENTRY--TOPICAL TERM
Topical term or geographic name entry element NEC ENGINEERING AND CONSTRUCTION CONTRACT (THIRD EDITION)
690 ## - LOCAL SUBJECT ADDED ENTRY--TOPICAL TERM (OCLC, RLIN)
Topical term or geographic name as entry element BUILT ENVIRONMENT-BUILDING CONTRACT FORMS-STANDARD FORMS OF BUILDING CONTRACT-NEW ENGINEERING CONTRACT CONTRACTS
942 ## - ADDED ENTRY ELEMENTS (KOHA)
Suppress in OPAC 0
Holdings
Withdrawn status Lost status Source of classification or shelving scheme Damaged status Not for loan Home library Current library Shelving location Date acquired Total Checkouts Full call number Date last seen Price effective from Koha item type
    Dewey Decimal Classification     Archives Archives Basement 28/02/2023   OLD CONTRACTS 28/02/2023 28/02/2023 Book